Estadísticas para Forma de países en el mapa mundial #2

Haz click aquí para intentar la prueba.

Estadísticas generales

  • Esta prueba ha sido intentada 5.190 veces
  • La puntuación promedio es 19 de 20

Respuestas en el mapa

Las respuestas están codificadas por una escala verde-roja en el mapa de la prueba según el % correcto abajo.
 

Estadísticas de respuestas

País% Correcto
Canadá
100%
España
99%
Bolivia
98%
Islandia
98%
Japón
98%
Ecuador
97%
Egipto
97%
Finlandia
97%
Grecia
96%
Guyana
95%
Indonesia
95%
Argelia
94%
Irán
92%
República Dominicana
92%
Vietnam
91%
Yemen
91%
Uzbekistán
83%
Nigeria
82%
Sudán del Sur
82%
Botsuana
80%

Distribución de puntuación

Porcentaje por número respondido

Porcentaje de gente con cada puntuación

Historial de tus puntuaciones

No has intentado esta prueba.